00659nam a22002057a 450000500170000001000130001702000260003003500130005603700160006904000120008508200130009710000280011024500870013826000390022527000650026430000270032950000510035665000220040765000240042920170124110211.0 aB-089734 c795.00a9788178241166 aB-089734 bCen Lib/Ret aDPLbEN a921bDHU aDhupelia-Mesthrie, Uma  aGandhis prisoner? :cby Uma Dhupelia-Mesthrie bthe life of ghnadhis son manilal / aNew Delhi bPermanent Black c2005 bNew Delhi aD-28 oxford apartments, 11 IP extention e110092 a419p.:c21cm(Hb)bill. aIncludes bibliographical references and index  aPolitical science aPolitical activists